000
00253nam a22000977a 4500
999
_c
11633
_d
11633
008
190921b ||||| |||| 00| 0 eng d
020
_a
9789388788786
100
_a
Goyal
_9
7336
245
_a
Score Well English- IX
260
_a
New Delhi
_b
Goyal Brothers
_c
2019